• 首页
  • 本馆介绍
  • 公告通知
  • 最新文献
  • 馆藏检索
  • 电子资源
  • 读者导购
  • 参考咨询
  • 我的图书馆
  • 登录
  • 详细信息显示
  • 放入我的书架
  • 预约/预借图书
  • 作者相关作品
  • 分类相关作品
  • 丛书相关作品
  • 出版社相关作品

书目信息

  • 表格格式
  • 工作单格式
  • 卡片格式
书名: Chemistry and physics of carbon
作者: Edited by Philip L.Walker and Peter A.Thrower.
分册号:
分册名:
出版地: NEW YORK :
 
出版社: Marcel Dekker, Inc
出版时间: 1977.
页数: 295 p. ;
开本: 21cm.
丛书名:
中图分类号:
科图分类号:
其他分类号: O613.71:H31
主题词:
电子资源:
000 00591nam 2200193 a 4500
001 E0752939312
005 20070718081332.78
008 uu
008 uu 1977
040    @aCcBjTSG
049    @aN5LA
090    @aO613.71:H31
099    @dO613.71:H31@ex2:13
245 00 @aChemistry and physics of carbon :@bA SERIES OF ADVANCES / @cEdited by Philip L.Walker and Peter A.Thrower.@n13.
260    @aNEW YORK :@bMarcel Dekker, Inc.,@c1977.
300    @a295 p. ;@c21cm.
650  0 @aCarbon.
700    @aEdited by Walker,Philip L. and Thrower,Peter A.
852 9  @bWWJC @cJ08S @k2 @hO613.71 @iCPC
    
    Chemistry and physics of carbon : : A SERIES OF ADVANCES / / Edited by Philip L.Walker and Peter A.Thrower.. 13.-NEW YORK : : Marcel Dekker, Inc., , 1977.
    295 p. ; ; 21cm.
    
    
    ISBN
    
●
相关链接 在E读中查询图书 在五车中查询图书 在当当中查询图书 在豆瓣中查询图书


正题名:Chemistry and physics of carbon     索取号:O613.71:H31/x2:13         预约/预借

序号 登录号 条形码 馆藏地/架位号 状态 备注
1 136896   202201027   第四借阅区/ [索取号:O613.71:H31/x2:13] 在馆    
2 136897   202201081   第四借阅区/ [索取号:O613.71:H31/x2:13] 在馆    
3 136898   202161953   第四借阅区/ [索取号:O613.71:H31/x2:13] 在馆    
4 136899   202161980   第四借阅区/ [索取号:O613.71:H31/x2:13] 在馆    
唐山师范学院图书馆 欢迎您!
大连网信软件有限公司© 版权所有